| 000 | 01401nas a2200313 i 4500 | ||
|---|---|---|---|
| 001 | 1119 | ||
| 003 | ES-MaACL | ||
| 005 | 20250718150756.0 | ||
| 008 | 950801d18351848sp d|yn | 1 |spa d | ||
| 022 | _a2171-3030 | ||
| 080 | _a(054) | ||
| 245 | 0 | 3 |
_aEl Español _b: diario de las doctrinas y de los intereses sociales. |
| 246 | 3 | _aEl Español (Madrid. 1835) | |
| 260 |
_aMadrid : _bEl Español, _c[1835-1848] ( _fImp. de la Compañía Tipográfica) |
||
| 300 |
_a2 v. ; _c49 cm. |
||
| 310 |
_aDiaria, excepto domingos, _b1838-1841 |
||
| 362 | 0 | _aN. 1 (1 sept. 1835)-n. 790 (31 dic. 1837); 2ª época, n. 289 (1 jun. 1845)-n. 1173 (16 abril 1848) | |
| 530 | _aDisponible en formato digital. | ||
| 555 | 8 | _aÍndice de escritores en: Veinticuatro diarios, Madrid 1830-1900 (Madrid : CSIC, Instituto Miguel de Cervantes, 1968) | |
| 555 | 8 | _aÍndices (1845) | |
| 650 | 1 | 4 |
_aPeriódicos _915941 |
| 770 | 0 | _tRevista literaria de El Español, ISSN 2171-3022 | |
| 785 | 0 | 1 | _tEl Correo nacional, ISSN 2171-3049 |
| 852 |
_aES-MaACL _jR-2930-31 _dOlim: Hem-563 |
||
| 856 |
_uhttp://prensahistorica.mcu.es/es/consulta/registro.cmd?id=9006 _zBiblioteca Virtual de Prensa Histórica _z(1835-1837), (1845), (1847-1848)Edición de Madrid: (1845-1848)Edición de provincias: (1845-1847) |
||
| 866 | 0 |
_o1837. _zFalta el n. 607 (2 de jul.) |
|
| 942 |
_2udc _cPERIODICO |
||
| 999 |
_c1119 _d1119 |
||